Performance Management System (Record no. 6568)

MARC details
000 -LEADER
fixed length control field 00286nam a2200121Ia 4500
008 - FIXED-LENGTH DATA ELEMENTS--GENERAL INFORMATION
fixed length control field 191201s2009 xx 000 0 und d
100 ## - MAIN ENTRY--PERSONAL NAME
Personal name SAHU,R.K.
245 #0 - TITLE STATEMENT
Title Performance Management System
260 ## - PUBLICATION, DISTRIBUTION, ETC. (IMPRINT)
Place of publication, distribution, etc N. delhi
Name of publisher, distributor, etc Excel Books
Date of publication, distribution, etc 2009
300 ## - PHYSICAL DESCRIPTION
Extent 274
650 ## - SUBJECT ADDED ENTRY--TOPICAL TERM
Topical term or geographic name as entry element MBA
942 ## - ADDED ENTRY ELEMENTS (KOHA)
Source of classification or shelving scheme Dewey Decimal Classification
Koha item type Text Books
Holdings
Withdrawn status Lost status Source of classification or shelving scheme Damaged status Not for loan Collection code Home library Current library Date acquired Source of acquisition Cost, normal purchase price Bill Number Total Checkouts Full call number Acc. no. / Barcode Date last seen Date last borrowed Actual Cost, discounted price Bill Date Koha item type
    Dewey Decimal Classification     BBA PIET C-LIBRARY PIET C-LIBRARY 17/06/2016 Excel Books 250.00 TCM/2016/10403 1 658.3125 SAP 28644 20/01/2024 22/11/2023 122.44 13/06/2016 Text Books
    Dewey Decimal Classification     BBA PIET C-LIBRARY PIET C-LIBRARY 17/06/2016 Excel Books 250.00 TCM/2016/10403   658.3125 SAP 28645 04/12/2019   122.44 13/06/2016 Text Books
    Dewey Decimal Classification     BBA PIET C-LIBRARY PIET C-LIBRARY 17/06/2016 Excel Books 250.00 TCM/2016/10403   658.3125 SAP 28646 04/12/2019   122.44 13/06/2016 Text Books

Design & Developed by: PIET Central Library
R70 Miles Stone Pattikalyana Samalkha Panipat 132102
mail ID :- [email protected], Phone No:- 0180-2569700 Ex.216